000 00889nam a2200205Ia 4500
999 _c50836
_d50836
003 GCL
005 20240530104814.0
008 140319s9999 xx 000 0 ara d
040 _aGCL /
_cGCL
082 0 4 _a229.3/
_bش ت
100 1 _aالشوكانى , محمد بن على بن محمد بن عبد الله اليمنى الصنعانى
245 1 0 _aتحفة الذاكرين بعدة الحصن الحصين من كلام سيد المرسلين صلى الله عليه وآله وسلم /
_cمحمد بن على بن محمد الشوكانى اليمانى الصنعانى
260 _a[S.N] :
_bدار الكتب العلمية للنشر والتوزيع ،
_c1988
300 _a399 ص
650 0 4 _aالاسلام
650 0 4 _aالاحكام الشرعية
650 0 4 _aالفقه الاسلامى
650 0 4 _aالاحاديث النبوية
942 _2ddc
_cBK